Österreichische Cupsieger - Statistiken

Allgemein
  • Dieses Quiz wurde 204 mal gespielt
    160 seit der letzten Aktualisierung
  • Das Durchschnittsergebnis liegt bei 12 aus 17
Antwortstatistiken
Anzahl der Titel Verein % Korrekt
27 FK Austria Wien
100%
8 FC Red Bull Salzburg
99%
15 SK Rapid Wien
98%
5 SK Sturm Graz
93%
7 FC Wacker Innsbruck
92%
4 Grazer AK
84%
1 LASK Linz
84%
6 FC Admira Wacker Mödling
82%
4 First Vienna FC 1894
73%
2 SV Ried
72%
3 Wiener AC
69%
1 FC Kärnten
66%
1 Wiener Sport-Club
53%
1 FC Pasching
51%
1 Kremser SC
19%
1 SV Stockerau
18%
1 Wiener AF
9%
Keine übereinstimmenden Quizze gefunden
Verteilung der Resultate
Anzahl Personen mit jedem Resultat
Perzentil nach korrekt beantworteten Fragen
Ihre Resultats-Entwicklung
Sie haben dieses Quiz seit der letzten Aktualisierung nicht gespielt